000 00599nam a2200181Ia 4500
008 220214s9999 xx 000 0 und d
100 _aQin-Xiu Z
245 0 _aDistribution of high fatty acids in lipids of hevea latex and its relation to mechanical stability
260 _bSouth China Tropical Crops Products Processing and Designing Research Institute Publication (Details not available)
300 _a8p
520 _aDetails not available
650 _aFatty acid
650 _aHevea latex
650 _aLipids
650 _aMechanical stability
700 _aLi-Qiang Y
942 _cRE
999 _c46311
_d46311